Statistics for Countries that speak French

Click here to take the quiz!

General Stats

  • This quiz has been taken 146 times
    (106 since last reset)
  • The average score is 13 of 23

Answer Stats

Country% Correct
France
98%
Belgium
75%
Chad
73%
Luxembourg
71%
Mali
71%
Niger
69%
Switzerland
69%
Canada
63%
Cameroon
60%
Senegal
60%
Haiti
58%
Ivory coast
58%
Benin
56%
Monaco
54%
Burkina Faso
52%
Togo
50%
Burundi
38%
Seychelles
38%
Madagascar
33%
Democratic Republic of the Congo
31%
Djibouti
31%
Equatorial Guinea
31%
Rwanda
31%

Score Distribution

Percentile by Number Answered

Percent of People with Each Score

Your Score History

You have not taken this quiz since the last reset